000 00403nam a2200169Ia 4500
001 16589
005 20260306170320.0
008 260306t9999||||xx |||||||||||||| ||und||
041 _aESP
082 _a348.8
_bB45
100 _aBernuy Álvarez, Oscar H.,
_eAUT
245 0 _aModelos, formatos y documentos laborales
300 _a
_c
650 _aGEN
654 _aCDE
942 _cLIB
_dJUS
_fJUS
_2ddc
_n
999 _c16589
_d16589